Naruto Characters by Picture - Statistics

General Stats
  • This quiz has been taken 440 times
  • The average score is 14 of 15
Answer Stats
Picture Answer % Correct
Naruto Uzumaki
100%
Kakashi Hatake
99%
Gaara
98%
Itachi Uchiha
98%
Hinata Hyuga
94%
Minato Namikaze
94%
Orochimaru
93%
Shikamaru Nara
93%
Tsunade
93%
Ino Yamanaka
92%
Hashirama Senju
86%
Jiraiya
85%
Temari
85%
Konan
82%
Mei Terumi / Fifth Mizukage
69%
No matching quizzes found
Score Distribution
Percent of People with Each Score
Percentile by Number Answered
Your Score History
You have not taken this quiz